Zodpovednosť za použitie a zdieľanie digitálneho obsahu na internete /

Gespeichert in:
Bibliographische Detailangaben
1. Verfasser: Macko, Lukáš (Verfasst von)
Format: Buch
Sprache:Slowakisch
Veröffentlicht: Bratislava : Nakladatelství C. H. Beck, 2024
Ausgabe:1. vydanie
Tags: Tag hinzufügen
Keine Tags, Fügen Sie das erste Tag hinzu!

MARC

LEADER 00000nam a22000003a 4500
001 0118205
003 SK-STU
005 20251119134212.2
007 ta
008 251119s ----xo-----e------000-0-----d
020 |a 978-80-8232-055-1 
040 |a STU  |b slo 
041 0 |a slo 
044 |a xo 
080 |a 681.35 
100 1 |a Macko, Lukáš  |4 aut  |r Z5 
245 1 0 |a Zodpovednosť za použitie a zdieľanie digitálneho obsahu na internete /  |c aut. Lukáš Macko 
250 |a 1. vydanie 
260 |a Bratislava :  |b Nakladatelství C. H. Beck,  |c 2024 
300 |a 123 s. 
996 |b 284EK91133  |c E* 91133  |l EE01  |s A  |a 24  |w 0118205_0001